| 000 | 00455cam a2200169ua 4500 | ||
|---|---|---|---|
| 020 | _cRs.3.00 | ||
| 041 |
_aeng _h |
||
| 082 |
_a551.46 _bSIV/AL |
||
| 100 | _aSivankutty, Nair G . | ||
| 245 |
_aAlayazhilie albutangal / _cG.Sivankutty Nair. _hTextual Documents |
||
| 260 |
_aKottayam : _bPrabhatham printing and publishing co. pvt. ltd. , _c1967. |
||
| 300 | _a173 ; . | ||
| 365 | _aRs.3.00 | ||
| 504 | _a | ||
| 942 | _cBK | ||
| 999 |
_c551 _d551 |
||